En torno a la intervención de la práctica educativa /
La docencia se ha enfrentado desde el final del siglo XX y principios del XXI en una profunda revaloración de sus prácticas. Ante este escenario, el libro nos presenta cuatro ensayos que analizan la actualidad en el ámbito para la proposición de transformaciones efectivas.
Guardat en:
| Altres autors: | , |
|---|---|
| Format: | Llibre |
| Idioma: | espanyol |
| Publicat: |
Guadalajara, México :
Gobierno del Estado de Jalisco,
1997, c1997
|
| Matèries: | |
| Etiquetes: |
Sense etiquetes, Sigues el primer a etiquetar aquest registre!
|
MARC
| LEADER | 00000nam^a2200000^a^4500 | ||
|---|---|---|---|
| 001 | 000358421 | ||
| 005 | 20250521000000.0 | ||
| 009 | 20260310115326.812 | ||
| 020 | |a 968-832-527-9 | ||
| 037 | |a Acervo ITESO - Biblioteca | ||
| 041 | |a ESP | ||
| 082 | |a 371. 1 |b ENT | ||
| 245 | 0 | 0 | |a En torno a la intervención de la práctica educativa / |c J. Campechano Covarrubias... [et al.] ; pról. de R. García de Quevedo Palacios. |
| 264 | 4 | |a Guadalajara, México : |b Gobierno del Estado de Jalisco, |c 1997, c1997 | |
| 300 | |a 270 p. | ||
| 336 | |a texto |b txt |2 rdacontenido | ||
| 337 | |a sin mediación |b n |2 rdamedio | ||
| 338 | |a volumen |b nc |2 rdasoporte | ||
| 520 | |a La docencia se ha enfrentado desde el final del siglo XX y principios del XXI en una profunda revaloración de sus prácticas. Ante este escenario, el libro nos presenta cuatro ensayos que analizan la actualidad en el ámbito para la proposición de transformaciones efectivas. | ||
| 649 | |a XX | ||
| 650 | |a Metodología Educativa | ||
| 650 | |a Práctica Educativa - |x Tema Principal | ||
| 650 | |a Proceso Educativo | ||
| 650 | |a Innovación Educativa | ||
| 650 | |a Educación - |x Teoría | ||
| 700 | |a Campechano Covarrubias, Juan |e (autor) | ||
| 700 | |a García de Quevedo Palacios, Rafael |e (prólogo) | ||
| 910 | |a Fondo General | ||
| 920 | |a Impresos - Libros | ||
| 930 | |a Colección General | ||
| 905 | |a 101 | ||
| 901 | |a 0500251237 |b IT1 |c ACC |u 20250521 | ||
| 902 | |a https://opac.biblio.iteso.mx/vufind/Record/000358421 | ||